|
|
|
|
| LEADER |
00000nam a2200000 i 4500 |
| 001 |
1/72032 |
| 008 |
080123s2007 eng d |
| 020 |
|
|
|a 978-3-540-22694-9
|
| 020 |
|
|
|a 3-540-22694-X
|
| 035 |
|
|
|l 10094045
|
| 040 |
|
|
|a GR-MY-UA
|b gre
|e aacr
|
| 041 |
0 |
|
|a eng
|
| 082 |
0 |
|
|a 330.015195
|2 (22)
|
| 245 |
1 |
0 |
|a Long memory in economics /
|c Gilles Teyssiere, Alan P. Kirman, editors
|
| 260 |
|
|
|a Berlin ; New York, NY :
|b Springer,
|c c2007
|
| 300 |
|
|
|a xii, 389 σ.;
|b εικ.;
|c 24 εκ.
|
| 504 |
|
|
|a Περιέχει βιβλιογραφικές παραπομπές
|
| 650 |
0 |
0 |
|a Macroeconomics
|x Mathematical models.
|
| 650 |
0 |
0 |
|a Equilibrium (Economics)
|x Mathematical models.
|
| 650 |
0 |
0 |
|a Time-series analysis.
|
| 700 |
1 |
|
|a Teyssiere, Gilles.
|4 edt
|
| 700 |
1 |
|
|a Kirman, Alan P.
|4 edt
|
| 852 |
|
|
|a INST
|b SAMOS
|e 20080123
|h 330.015195 LON
|p 005300027333
|q 005300027333
|t BK
|y 0
|
| 901 |
|
|
|a BIBL3-2008-1
|
| 909 |
|
|
|a Σ
|b 143485
|
| 922 |
|
|
|a 3ΕΛΗ
|b 200712
|c ΕΠΕΑΕΚ2/ΤΣΑΕ
|d ΕΛΕΥΘΕΡΟΥΔΑΚΗΣ
|
| 970 |
|
|
|a ΡΟΥΣΣΟΥ
|b ΚΩΝΣΤΑΝΤΙΝΑ
|z 2008/01/23
|